| 000 | 01482nac a22002891u 4500 | ||
|---|---|---|---|
| 010 | _a96141475 | ||
| 020 | _a0412722003 | ||
| 035 | _a(OCoLC)33347662 | ||
| 082 | 0 | 0 |
_a670.427 _bC1409 |
| 090 |
_c4005 _d4005 |
||
| 100 | _a20080729 | ||
| 111 | 2 |
_aIEEE/ECLA/IFIP International Conference on Architectures and Design Methods for Balanced Automation Systems _d(1995 : _cVitoĆ?ria, Brazil) |
|
| 245 | 1 | 0 |
_aBalanced automation systems : _barchitectures and design methods : proceedings of the IEEE/ECLA/IFIP International Conference on Architectures and Design Methods for Balanced Automation Systems, 1995 / _cedited by Luis Camarinha-Matos and Hamideh Afsarmanesh. |
| 250 | _a1st ed. | ||
| 260 |
_aLondon ; _aNew York : _bChapman & Hall,1995 _c1995. |
||
| 300 |
_axiv, 471 p. : _bill. ; _c25 cm. |
||
| 500 | _a"Published ... on behalf of the International Federation for Information Processing (IFIP)." | ||
| 504 | _aIncludes bibliographical references and indexes. | ||
| 650 | 0 |
_aComputer integrated manufacturing systems _xCongresses. |
|
| 650 | 0 |
_aManufacturing processes _xAutomation _xCongresses. |
|
| 650 | 0 |
_aSystems engineering _xCongresses. |
|
| 700 | 1 | _aCamarinha-Matos, Luis. | |
| 700 | 1 | _aAfsarmanesh, Hamideh. | |
| 710 | 2 | _aInternational Federation for Information Processing. | |
| 942 |
_cBB _k670.427C1409 |
||
| 999 |
_c4005 _d4005 |
||